Čím bude žít recruitment v Česku v roce 2017?

Ako bude vyzerať nábor pracovníkov v Česku s prihliadnutím na trh práce, konkurenciu, zamestnanosť, nastupujúcu generáciu Y, Z.

Guardado en:
Detalles Bibliográficos
Autor principal: Klubicová, Martina
Formato: Capítulo de libro
Lenguaje:checo
Materias:
Etiquetas: Agregar Etiqueta
Sin Etiquetas, Sea el primero en etiquetar este registro!

MARC

LEADER 00000naa a2200000 4500
001 0226231
005 20231113135207.8
041 0 |a cze 
044 |a CZ 
245 1 0 |a Čím bude žít recruitment v Česku v roce 2017?  |c Martina Klubicová 
520 |a Ako bude vyzerať nábor pracovníkov v Česku s prihliadnutím na trh práce, konkurenciu, zamestnanosť, nastupujúcu generáciu Y, Z. 
610 2 0 |a nábor pracovníkov 
610 2 0 |a marketing 
610 2 0 |a kreativita 
610 2 0 |a systém CRM 
610 2 0 |a outsourcing 
610 2 0 |a Česko 
100 1 |a Klubicová, Martina